[Event "HUN-ch U16"]
[Site "Balatonlelle"]
[Date "2019.06.21"]
[Round "1"]
[White "Leszko, Bence"]
[Black "Follardt, Lorinc"]
[Result "1-0"]
[WhiteElo "2135"]
[BlackElo "1913"]
[PlyCount "93"]
[EventDate "2019.06.21"]
[EventType "swiss"]
[EventRounds "9"]
[EventCountry "HUN"]
[SourceTitle "CBM 191 Extra"]
[Source "ChessBase"]
[SourceDate "2019.09.30"]
[SourceVersion "1"]
[SourceVersionDate "2019.09.30"]
[SourceQuality "1"]

1. Nf3 Nf6 2. g3 g6 3. b3 Bg7 4. Bb2 b6 5. Bg2 Bb7 6. 0-0 0-0 7. c4 d6 8. e3 Nbd7 9. Nc3 Rb8 10. Qc2 e5 11. d4 Re8 12. Rfd1 exd4 13. exd4 Ne4 14. Re1 Ndf6 15. d5 Nxc3 16. Bxc3 Qd7 17. Qb2 Nh5 18. Bxg7 Nxg7 19. Ng5 Rxe1+ 20. Rxe1 Re8 21. Rxe8+ Nxe8 22. Qe2 Nf6 23. Bh3 Qe8 24. Qxe8+ Nxe8 25. Nf3 Nf6 26. Nd4 a6 27. f3 Kf8 28. Kf2 Ke7 29. Ke3 Nd7 30. Bxd7 Kxd7 31. g4 h6 32. Ke4 c6 33. h4 b5 34. dxc6+ Bxc6+ 35. Nxc6 Kxc6 36. cxb5+ Kxb5 37. a3 Kc5 38. Kd3 a5 39. Kc3 Kd5 40. b4 axb4+ 41. Kxb4 Ke5 42. a4 Kf4 43. a5 Kxf3 44. a6 Kxg4 45. a7 Kxh4 46. a8Q f5 47. Qd8+ 1-0

[Event "HUN-chT2 Asztalos 1819"]
[Site "Hungary"]
[Date "2019.03.10"]
[Round "7.10"]
[White "Pater, Peter"]
[Black "Follardt, Lorinc"]
[Result "1/2-1/2"]
[WhiteElo "1755"]
[BlackElo "1866"]
[PlyCount "72"]
[EventDate "2018.10.28"]
[EventType "team-tourn"]
[EventRounds "9"]
[EventCountry "HUN"]
[SourceTitle "CBM 189 Extra"]
[Source "ChessBase"]
[SourceDate "2019.06.03"]
[SourceVersion "1"]
[SourceVersionDate "2019.06.03"]
[SourceQuality "1"]
[WhiteTeam "Komlo"]
[BlackTeam "Baja Spartacus"]
[WhiteTeamCountry "HUN"]
[BlackTeamCountry "HUN"]

1. d4 Nf6 2. c4 g6 3. f3 Bg7 4. e4 d6 5. Nc3 c6 6. Bg5 a6 7. Qd2 h6 8. Be3 b5 9. Bd3 Nbd7 10. Nge2 e5 11. d5 bxc4 12. dxc6 cxd3 13. cxd7+ Qxd7 14. Qxd3 0-0 15. 0-0 Bb7 16. Rfd1 Ne8 17. Nd5 Bxd5 18. Qxd5 Rd8 19. Nc3 Nc7 20. Qd2 Kh7 21. Bb6 f5 22. Nd5 Ne6 23. Bxd8 Rxd8 24. Kh1 Nd4 25. Rac1 fxe4 26. fxe4 Qg4 27. Rc7 Rf8 28. Re1 Qxe4 29. Nc3 Qh4 30. Kg1 Qg4 31. Kh1 Rf5 32. Qd1 Qh4 33. g3 Qh3 34. Ne4 Nf3 35. Re2 Nh4 36. Rc1 d5 1/2-1/2

[Event "HUN-chT2 Asztalos 1718"]
[Site "Hungary"]
[Date "2018.05.06"]
[Round "9.11"]
[White "Follardt, Lorinc"]
[Black "Boka, Robert"]
[Result "0-1"]
[WhiteElo "1700"]
[BlackElo "1791"]
[PlyCount "66"]
[EventDate "2017.10.29"]
[EventType "team-tourn"]
[EventRounds "9"]
[EventCountry "HUN"]
[SourceTitle "EXT 2021"]
[Source "ChessBase"]
[SourceDate "2020.10.23"]
[SourceVersion "1"]
[SourceVersionDate "2020.10.23"]
[SourceQuality "1"]
[WhiteTeam "Baja"]
[BlackTeam "Komlo Banyasz II"]
[WhiteTeamCountry "HUN"]
[BlackTeamCountry "HUN"]

1. e4 c5 2. Nf3 d6 3. d4 cxd4 4. Nxd4 a6 5. Nc3 e5 6. Nb3 Be7 7. Bc4 Nf6 8. Be3 0-0 9. f3 Be6 10. Bd5 Nc6 11. 0-0 Rc8 12. Qd2 b5 13. a3 b4 14. axb4 Nxb4 15. Rfd1 Bd7 16. Nc1 a5 17. Nd3 Nfxd5 18. exd5 f5 19. Nxb4 axb4 20. Ne2 Bb5 21. Ra7 f4 22. Bf2 Qe8 23. Rda1 Bf6 24. Rb7 e4 25. Bd4 e3 26. Bxf6 Rxf6 27. Qd1 Rf7 28. Rxf7 Qxf7 29. Rc1 Bc4 30. c3 Bxe2 31. Qxe2 Qxd5 32. Rd1 Qc5 33. Qa6 e2+ 0-1

[Event "HUN-chT2 Asztalos 1718"]
[Site "Hungary"]
[Date "2017.12.03"]
[Round "3.11"]
[White "Csordas, Peter"]
[Black "Follardt, Lorinc"]
[Result "1/2-1/2"]
[WhiteElo "1760"]
[BlackElo "1700"]
[PlyCount "63"]
[EventDate "2017.10.29"]
[EventType "team-tourn"]
[EventRounds "9"]
[EventCountry "HUN"]
[SourceTitle "EXT 2021"]
[Source "ChessBase"]
[SourceDate "2020.10.23"]
[SourceVersion "1"]
[SourceVersionDate "2020.10.23"]
[SourceQuality "1"]
[WhiteTeam "Sarosd"]
[BlackTeam "Baja"]
[WhiteTeamCountry "HUN"]
[BlackTeamCountry "HUN"]

1. e4 e5 2. Nf3 Nc6 3. Bb5 a6 4. Ba4 Nf6 5. 0-0 Be7 6. Re1 b5 7. Bb3 0-0 8. c3 d5 9. exd5 Nxd5 10. Nxe5 Nxe5 11. Rxe5 c6 12. d4 Bd6 13. Re1 Qh4 14. g3 Qh3 15. Bxd5 cxd5 16. Qf3 Be6 17. Be3 h5 18. Qg2 Qf5 19. f3 Kh8 20. h4 Rae8 21. Nd2 Re7 22. Nf1 Rfe8 23. Bd2 f6 24. Rad1 g5 25. hxg5 fxg5 26. Ne3 Qg6 27. Rf1 Rg8 28. Rf2 Rh7 29. g4 hxg4 30. Nxg4 Bxg4 31. fxg4 Qc2 32. Qf3 1/2-1/2

[Event "HUN-chT2 Asztalos 1617"]
[Site "Hungary"]
[Date "2016.11.27"]
[Round "5.11"]
[White "Follardt, Lorinc"]
[Black "Ronai, Akos Balazs"]
[Result "0-1"]
[WhiteElo "1612"]
[BlackElo "1682"]
[PlyCount "108"]
[EventDate "2016.09.25"]
[EventType "team-tourn"]
[EventRounds "11"]
[EventCountry "HUN"]
[SourceTitle "EXT 2021"]
[Source "ChessBase"]
[SourceDate "2020.10.23"]
[SourceVersion "1"]
[SourceVersionDate "2020.10.23"]
[SourceQuality "1"]
[WhiteTeam "Baja"]
[BlackTeam "Pecs Karmin"]
[WhiteTeamCountry "HUN"]
[BlackTeamCountry "HUN"]

1. e4 c5 2. Nf3 e6 3. d4 cxd4 4. Nxd4 a6 5. Be3 b5 6. a3 Bb7 7. f3 Nf6 8. Bd3 Qc7 9. Nc3 Nc6 10. Nxc6 Bxc6 11. Qe2 Be7 12. 0-0 Rd8 13. Rad1 d5 14. Qf2 Qb7 15. e5 Nd7 16. f4 0-0 17. g4 Qc7 18. Bd4 Bb7 19. b4 Rc8 20. Qg3 f6 21. h4 fxe5 22. fxe5 Nb6 23. g5 Nc4 24. Nb1 Rxf1+ 25. Rxf1 Rf8 26. Rxf8+ Bxf8 27. Bxh7+ Kxh7 28. g6+ Kg8 29. Qf3 Bd6 30. exd6 Nxd6 31. Qh5 Nf5 32. Qh7+ Kf8 33. Qh8+ Ke7 34. Bc5+ Kd7 35. Qf8 Qg3+ 36. Kf1 Qf4+ 37. Ke1 Qxh4+ 38. Kf1 Qf4+ 39. Ke1 Qg3+ 40. Kd1 Qxg6 41. Nc3 d4 42. Bb6 Ne3+ 43. Ke1 Qg3+ 44. Ke2 Qg2+ 45. Ke1 Nxc2+ 46. Kd1 Ne3+ 47. Ke1 Qg1+ 48. Ke2 Qg4+ 49. Kd3 Qg6+ 50. Ke2 Qc2+ 51. Ke1 Qxc3+ 52. Ke2 Qc2+ 53. Ke1 Qd1+ 54. Kf2 Qf1+ 0-1

[Event "HUN-chT2 Asztalos 1617"]
[Site "Hungary"]
[Date "2016.09.25"]
[Round "1.11"]
[White "Ragyelik, Andras"]
[Black "Follardt, Lorinc"]
[Result "1/2-1/2"]
[WhiteElo "1810"]
[BlackElo "1612"]
[PlyCount "88"]
[EventDate "2016.09.25"]
[EventType "team-tourn"]
[EventRounds "11"]
[EventCountry "HUN"]
[SourceTitle "EXT 2021"]
[Source "ChessBase"]
[SourceDate "2020.10.23"]
[SourceVersion "1"]
[SourceVersionDate "2020.10.23"]
[SourceQuality "1"]
[WhiteTeam "Kiraly Sakk"]
[BlackTeam "Baja"]
[WhiteTeamCountry "HUN"]
[BlackTeamCountry "HUN"]

1. e4 e5 2. Nf3 Nc6 3. Bc4 Nf6 4. d3 Bc5 5. c3 d6 6. 0-0 0-0 7. h3 h6 8. Bb3 Qe7 9. d4 exd4 10. cxd4 Bb6 11. Re1 Rd8 12. Nc3 Na5 13. Bc2 c5 14. e5 dxe5 15. Rxe5 Qf8 16. d5 Nc4 17. Re1 Be6 18. Qd3 Na5 19. Ne4 Nxd5 20. Neg5 Nf6 21. Nxe6 fxe6 22. Qg6 Qf7 23. Bf4 Nc6 24. Rxe6 Qxe6 25. Bb3 c4 26. Bxh6 Qf7 27. Bxc4 Nd5 28. Qxf7+ Kxf7 29. Bg5 Rd7 30. Rd1 Rc8 31. Rxd5 Rxd5 32. Bxd5+ Kf8 33. Bf4 Ke7 34. Bb3 Nd4 35. Nxd4 Bxd4 36. Kf1 Bxb2 37. Ke2 Bf6 38. g4 Rh8 39. Bd5 Rxh3 40. Bxb7 Ra3 41. Bd5 g5 42. Be3 Ra5 43. Bb3 Kd6 44. f4 gxf4 1/2-1/2

[Event "HUN-ch U14"]
[Site "Balatonlelle"]
[Date "2016.06.28"]
[Round "5"]
[White "Csajbok, Levente Tamas"]
[Black "Follardt, Lorinc"]
[Result "1/2-1/2"]
[WhiteElo "1588"]
[BlackElo "1485"]
[PlyCount "46"]
[EventDate "2016.06.24"]
[EventType "swiss"]
[EventRounds "7"]
[EventCountry "HUN"]
[SourceTitle "CBM 173 Extra"]
[Source "ChessBase"]
[SourceDate "2016.08.29"]
[SourceVersion "1"]
[SourceVersionDate "2016.08.29"]
[SourceQuality "1"]

1. e4 e5 2. Nf3 Nc6 3. Nc3 a6 4. d4 exd4 5. Nxd4 Bc5 6. Be3 Nxd4 7. Bxd4 Bxd4 8. Qxd4 Qf6 9. 0-0-0 Qxd4 10. Rxd4 Ne7 11. Kb1 d6 12. f3 Be6 13. Be2 0-0-0 14. Rhd1 f5 15. Bc4 Bxc4 16. Rxc4 fxe4 17. Rxe4 Rhe8 18. Rde1 Kd7 19. Ne2 Ng6 20. Nd4 Nf8 21. Nf5 Ne6 22. Kc1 g6 23. Nh6 Ng5 1/2-1/2

[Event "HUN-chT2 Asztalos 1516"]
[Site "Hungary"]
[Date "2016.04.03"]
[Round "10.11"]
[White "Follardt, Lorinc"]
[Black "Tombor, Mate"]
[Result "0-1"]
[WhiteElo "1552"]
[BlackElo "1418"]
[PlyCount "105"]
[EventDate "2015.09.13"]
[EventType "team-tourn"]
[EventRounds "11"]
[EventCountry "HUN"]
[SourceTitle "EXT 2017"]
[Source "ChessBase"]
[SourceDate "2016.10.25"]
[SourceVersion "1"]
[SourceVersionDate "2016.10.25"]
[SourceQuality "1"]
[WhiteTeam "Baja Spartacus"]
[BlackTeam "Marcali"]
[WhiteTeamCountry "HUN"]
[BlackTeamCountry "HUN"]

1. f4 d6 2. Nf3 Nf6 3. d4 g6 4. e3 Bg7 5. Bd3 0-0 6. 0-0 Nc6 7. c3 Bg4 8. h3 Bxf3 9. Qxf3 e5 10. Nd2 Re8 11. b4 exd4 12. exd4 Nd7 13. Bb2 a6 14. a4 f5 15. g4 fxg4 16. hxg4 Qe7 17. Rae1 Qh4 18. Re2 Rxe2 19. Bxe2 Qe7 20. Rf2 Re8 21. Bc4+ Kh8 22. Re2 Qf8 23. Rh2 Nf6 24. f5 Bh6 25. Nf1 Re4 26. fxg6 Rxg4+ 27. Rg2 Rxg6 28. Rxg6 hxg6 29. Bd3 Kg7 30. d5 Ne5 31. Qd1 Nxd3 32. Qxd3 Kh7 33. c4 Ng4 34. Qg3 Qf4 35. Qxf4 Bxf4 36. Bd4 Ne5 37. c5 Nf3+ 38. Kf2 Nxd4 39. Ng3 Bxg3+ 40. Kxg3 dxc5 41. bxc5 Nb3 42. d6 cxd6 43. cxd6 Nc5 44. Kf4 b5 45. axb5 axb5 46. Ke5 b4 47. Kd5 Nd7 48. Kc4 g5 49. Kxb4 g4 50. Kb5 g3 51. Kc6 Nf8 52. d7 Nxd7 53. Kxd7 0-1

[Event "HUN-chT2 Asztalos 1516"]
[Site "Hungary"]
[Date "2016.03.20"]
[Round "9.11"]
[White "Kis Katos, Janos"]
[Black "Follardt, Lorinc"]
[Result "1/2-1/2"]
[WhiteElo "1708"]
[BlackElo "1552"]
[PlyCount "174"]
[EventDate "2015.09.13"]
[EventType "team-tourn"]
[EventRounds "11"]
[EventCountry "HUN"]
[SourceTitle "EXT 2017"]
[Source "ChessBase"]
[SourceDate "2016.10.25"]
[SourceVersion "1"]
[SourceVersionDate "2016.10.25"]
[SourceQuality "1"]
[WhiteTeam "Komlo Banyasz"]
[BlackTeam "Baja Spartacus"]
[WhiteTeamCountry "HUN"]
[BlackTeamCountry "HUN"]

1. e4 e5 2. f4 Bc5 3. Nf3 d6 4. c3 Bg4 5. d3 Nc6 6. b4 Bb6 7. a4 a6 8. h3 Bxf3 9. Qxf3 Nf6 10. Be3 Bxe3 11. Qxe3 Qe7 12. Be2 exf4 13. Qxf4 Qe5 14. 0-0 0-0 15. Ra3 Rfe8 16. Qf2 Re7 17. Nd2 Rae8 18. Nc4 Qg5 19. Bf3 h5 20. Raa1 h4 21. Ne3 g6 22. Rae1 Ne5 23. Be2 Ned7 24. Bg4 Kg7 25. Bxd7 Rxd7 26. Qd2 Kg8 27. Qf2 Kg7 28. Qd2 Kg8 29. Qf2 Nh5 30. Nd5 Re6 31. Qf3 c6 32. Qe3 Qxe3+ 33. Nxe3 Rde7 34. Rf3 Rf6 35. Ref1 Kg7 36. Ng4 Rxf3 37. Rxf3 Ng3 38. Kf2 b5 39. axb5 axb5 40. Ne3 d5 41. exd5 cxd5 42. Rf4 Re5 43. Rxh4 Rxe3 44. Rd4 Nf5 45. Rxd5 Re6 46. Rxb5 Rc6 47. Rc5 Rd6 48. g4 Ne7 49. Ke3 Kf6 50. c4 Nc6 51. b5 Nd4 52. h4 Nb3 53. Rc8 Re6+ 54. Kf4 Nd4 55. Rd8 Ne2+ 56. Kf3 Nc3 57. d4 Rb6 58. Rc8 Nxb5 59. cxb5 Rxb5 60. Rc6+ Ke7 61. Ke4 Kd7 62. Rc5 Rb1 63. Ra5 Rg1 64. Kf4 Rd1 65. d5 Kd6 66. Kg5 Rh1 67. Ra7 Rf1 68. Ra5 Rh1 69. Ra4 Kxd5 70. Kf6 Rf1+ 71. Kg5 Ke6 72. Re4+ Kd7 73. h5 gxh5 74. gxh5 f5 75. Re5 Kd6 76. Re8 Kd7 77. Re2 f4 78. h6 f3 79. Rh2 Rg1+ 80. Kf6 Rg2 81. Rh3 f2 82. Rf3 Rh2 83. Kg7 Rg2+ 84. Kf6 Rh2 85. Kg7 Rg2+ 86. Kf7 Rh2 87. Rf6 Rxh6 1/2-1/2

[Event "HUN-chT2 Asztalos 1516"]
[Site "Hungary"]
[Date "2016.02.28"]
[Round "8.11"]
[White "Follardt, Lorinc"]
[Black "Gyenis, Denes"]
[Result "1-0"]
[WhiteElo "1552"]
[BlackElo "1386"]
[PlyCount "63"]
[EventDate "2015.09.13"]
[EventType "team-tourn"]
[EventRounds "11"]
[EventCountry "HUN"]
[SourceTitle "EXT 2017"]
[Source "ChessBase"]
[SourceDate "2016.10.25"]
[SourceVersion "1"]
[SourceVersionDate "2016.10.25"]
[SourceQuality "1"]
[WhiteTeam "Baja Spartacus"]
[BlackTeam "Szentlorinc"]
[WhiteTeamCountry "HUN"]
[BlackTeamCountry "HUN"]

1. e4 e6 2. f4 d5 3. d3 dxe4 4. dxe4 Qxd1+ 5. Kxd1 Nc6 6. Nf3 Nf6 7. Bd3 Bc5 8. Nc3 0-0 9. Ke2 Nd4+ 10. Nxd4 Bxd4 11. h3 Bd7 12. Be3 Bxe3 13. Kxe3 Rfe8 14. Rag1 e5 15. f5 Nh5 16. Nd5 Rac8 17. g4 c6 18. gxh5 cxd5 19. exd5 e4 20. Be2 Bxf5 21. c4 h6 22. b4 Rb8 23. Bg4 Bxg4 24. hxg4 Rbc8 25. c5 Rcd8 26. d6 b6 27. Rc1 bxc5 28. bxc5 Re6 29. Rhd1 f6 30. c6 Rdxd6 31. Rxd6 Rxd6 32. c7 1-0

[Event "HUN-chT2 Asztalos 1516"]
[Site "Hungary"]
[Date "2015.11.08"]
[Round "4.11"]
[White "Kondakor, Mark"]
[Black "Follardt, Lorinc"]
[Result "1-0"]
[WhiteElo "1546"]
[BlackElo "1552"]
[PlyCount "107"]
[EventDate "2015.09.13"]
[EventType "team-tourn"]
[EventRounds "11"]
[EventCountry "HUN"]
[SourceTitle "CBM 170 Extra"]
[Source "ChessBase"]
[SourceDate "2016.02.25"]
[SourceVersion "1"]
[SourceVersionDate "2016.02.25"]
[SourceQuality "1"]
[WhiteTeam "Nagyatad"]
[BlackTeam "Baja Spartacus"]
[WhiteTeamCountry "HUN"]
[BlackTeamCountry "HUN"]

1. d4 d6 2. c4 g6 3. Nc3 Bg7 4. e4 Nf6 5. f3 Nbd7 6. Be3 0-0 7. Qd2 e5 8. d5 a5 9. g4 Nc5 10. Nge2 Bd7 11. Ng3 Qe7 12. h4 h5 13. gxh5 Nxh5 14. Nxh5 gxh5 15. Be2 f6 16. 0-0-0 Be8 17. Bh6 Kh7 18. Bxg7 Qxg7 19. Rdg1 Qh6 20. Rg3 Qxd2+ 21. Kxd2 Bd7 22. Rhg1 Rg8 23. Ke3 Rxg3 24. Rxg3 Rg8 25. Rxg8 Kxg8 26. f4 Bg4 27. Bxg4 hxg4 28. fxe5 fxe5 29. Nb5 g3 30. Nxc7 Nxe4 31. Kf3 Nd2+ 32. Kxg3 Nxc4 33. b3 Nb6 34. Kf3 Kh7 35. Ke4 Kg6 36. Ne6 a4 37. Nd8 axb3 38. axb3 Nd7 39. Nxb7 Nf6+ 40. Kd3 Nxd5 41. Nxd6 Nf6 42. b4 Kh5 43. b5 Kxh4 44. Nf7 e4+ 45. Kd4 Kg3 46. Ne5 Ne8 47. b6 Nd6 48. Nc4 Nxc4 49. Kxc4 e3 50. b7 e2 51. b8Q+ Kf2 52. Qf4+ Kg1 53. Qe3+ Kf1 54. Qf3+ 1-0

[Event "HUN-ch U12"]
[Site "Balatonlelle"]
[Date "2015.06.23"]
[Round "8"]
[White "Follardt, Lorinc"]
[Black "Bernath, Bence"]
[Result "1-0"]
[WhiteElo "1498"]
[BlackElo "1196"]
[PlyCount "89"]
[EventDate "2015.06.18"]
[EventType "swiss"]
[EventRounds "9"]
[EventCountry "HUN"]
[SourceTitle "CBM 167 Extra"]
[Source "ChessBase"]
[SourceDate "2015.09.14"]
[SourceVersion "1"]
[SourceVersionDate "2015.09.14"]
[SourceQuality "1"]

1. f4 Nf6 2. d4 g6 3. e3 Bg7 4. Bd3 d6 5. Nf3 0-0 6. Nbd2 Qe8 7. e4 Nbd7 8. 0-0 e5 9. dxe5 dxe5 10. f5 Nc5 11. b3 Nxd3 12. cxd3 gxf5 13. Ba3 fxe4 14. dxe4 Ng4 15. Re1 Qc6 16. Rc1 Qf6 17. Bxf8 Bxf8 18. Qe2 Qb6+ 19. Kf1 Bd7 20. Nc4 Bb5 21. Nxb6 Bxe2+ 22. Rxe2 cxb6 23. Rc7 Bc5 24. h3 Ne3+ 25. Ke1 Bb4+ 26. Kf2 Nd1+ 27. Kg3 Kh8 28. Rxf7 Rg8+ 29. Kh2 Nc3 30. Rc2 Nb5 31. Rxb7 Rf8 32. a4 Nd6 33. Rxa7 Nxe4 34. Rc4 Bd6 35. Rxe4 Rf4 36. Rxf4 e4 37. Kg3 e3 38. Ne1 Bxf4+ 39. Kxf4 e2 40. Ke3 b5 41. axb5 h5 42. b6 Kg8 43. Rc7 Kf8 44. b7 Ke8 45. b8R# 1-0

[Event "HUN-ch U12"]
[Site "Balatonlelle"]
[Date "2015.06.20"]
[Round "3"]
[White "Kelemen, Szabolcs"]
[Black "Follardt, Lorinc"]
[Result "1-0"]
[WhiteElo "1781"]
[BlackElo "1498"]
[PlyCount "57"]
[EventDate "2015.06.18"]
[EventType "swiss"]
[EventRounds "9"]
[EventCountry "HUN"]
[SourceTitle "CBM 167 Extra"]
[Source "ChessBase"]
[SourceDate "2015.09.14"]
[SourceVersion "1"]
[SourceVersionDate "2015.09.14"]
[SourceQuality "1"]

1. e4 d6 2. d4 g6 3. Nc3 Bg7 4. Be3 Nf6 5. f3 0-0 6. Qd2 e5 7. 0-0-0 Bd7 8. h4 h5 9. d5 a6 10. Bh6 Bb5 11. Bxg7 Kxg7 12. Nh3 Nbd7 13. Nf2 Nc5 14. g4 Bxf1 15. Rdxf1 b5 16. gxh5 Nxh5 17. Ng4 Rh8 18. Rfg1 Nf4 19. Ne3 Kf8 20. Qh2 Qf6 21. Ng4 Qg7 22. Ne2 Na4 23. b3 Nc5 24. Kb1 Nxe2 25. Qxe2 Ke7 26. Qe3 Nd7 27. Qc3 f5 28. Ne3 fxe4 29. Nf5+ 1-0

[Event "HUN-ch U12"]
[Site "Balatonlelle"]
[Date "2015.06.19"]
[Round "2"]
[White "Follardt, Lorinc"]
[Black "Erseki, Aron"]
[Result "1/2-1/2"]
[WhiteElo "1498"]
[BlackElo "1686"]
[PlyCount "90"]
[EventDate "2015.06.18"]
[EventType "swiss"]
[EventRounds "9"]
[EventCountry "HUN"]
[SourceTitle "CBM 167 Extra"]
[Source "ChessBase"]
[SourceDate "2015.09.14"]
[SourceVersion "1"]
[SourceVersionDate "2015.09.14"]
[SourceQuality "1"]

1. f4 d5 2. d4 e6 3. e3 Nf6 4. c3 c5 5. Bd3 Nc6 6. Nf3 c4 7. Bc2 Be7 8. 0-0 h6 9. Ne5 Bd7 10. Qf3 Qc7 11. b3 cxb3 12. axb3 a6 13. Nxc6 Bxc6 14. Ba3 Bxa3 15. Nxa3 Ke7 16. Qe2 Rag8 17. Qf3 Ne4 18. Bxe4 dxe4 19. Qf2 f5 20. g3 g5 21. c4 Rh7 22. Nb1 Rhg7 23. Nc3 h5 24. Kg2 gxf4 25. Qxf4 Qxf4 26. Rxf4 Rd8 27. Rd1 b6 28. b4 a5 29. b5 Bb7 30. Na4 Rd6 31. Rc1 Rg8 32. Rc2 Rc8 33. Rh4 Rh8 34. c5 bxc5 35. dxc5 Rd5 36. c6 Rxb5 37. cxb7 Rxb7 38. Ra2 Rb3 39. Kf2 Rb5 40. Nc3 Rc5 41. Ne2 e5 42. Ke1 Rh6 43. Ng1 Kf6 44. Nh3 Kg6 45. Nf2 Rh8 1/2-1/2

[Event "HUN-chT2 Asztalos 1415"]
[Site "Hungary"]
[Date "2015.04.26"]
[Round "9.11"]
[White "Gyori, Barnabas"]
[Black "Follardt, Lorinc"]
[Result "1-0"]
[WhiteElo "1667"]
[BlackElo "1444"]
[PlyCount "149"]
[EventDate "2014.10.12"]
[EventType "team-tourn"]
[EventRounds "9"]
[EventCountry "HUN"]
[SourceTitle "EXT 2016"]
[Source "ChessBase"]
[SourceDate "2015.10.08"]
[SourceVersion "1"]
[SourceVersionDate "2015.10.08"]
[SourceQuality "1"]
[WhiteTeam "Pecs Karmin"]
[BlackTeam "Baja Spartacus"]
[WhiteTeamCountry "HUN"]
[BlackTeamCountry "HUN"]

1. d4 Nf6 2. c4 d6 3. Nc3 g6 4. e4 Bg7 5. f3 Nbd7 6. Bg5 0-0 7. Qd2 b6 8. 0-0-0 a5 9. g4 Ba6 10. Bh6 e5 11. d5 Nc5 12. h4 Qd7 13. h5 Nb7 14. Nh3 a4 15. Bd3 Rac8 16. Qg5 Ne8 17. Bxg7 Kxg7 18. hxg6 fxg6 19. f4 h6 20. Qh4 Nf6 21. fxe5 dxe5 22. g5 hxg5 23. Nxg5 Rh8 24. Ne6+ Kf7 25. Qg5 Nc5 26. Nxc5 bxc5 27. Qxe5 Qd6 28. Qxd6 cxd6 29. Nxa4 Rce8 30. Rxh8 Rxh8 31. Re1 Ng4 32. b3 Ne5 33. Kc2 g5 34. Nc3 g4 35. Rg1 Rh3 36. Be2 g3 37. Bf1 Rh2+ 38. Ne2 Rf2 39. Kd1 Nf3 40. Rh1 g2 41. Bxg2 Rxg2 42. Rf1 Kf6 43. Rxf3+ Ke5 44. Re3 Bc8 45. Kd2 Bg4 46. a4 Rh2 47. Kd3 Rh1 48. Nc3 Rh8 49. Nb5 Bd1 50. Kd2 Bg4 51. Rg3 Rh2+ 52. Kd3 Bd1 53. Rg5+ Kf6 54. Rf5+ Ke7 55. Rg5 Rh3+ 56. Kd2 Bxb3 57. Rg7+ Kf6 58. Rd7 Bxc4 59. Rxd6+ Ke5 60. Rc6 Kxe4 61. Rxc5 Bxb5 62. Rxb5 Rd3+ 63. Kc2 Rxd5 64. Kb3 Rd8 65. Kb4 Kd4 66. Rb6 Rd7 67. a5 Kd5 68. Kb5 Ra7 69. Rb8 Rc7 70. a6 Rc5+ 71. Kb6 Rc6+ 72. Kb7 Kc5 73. a7 Rb6+ 74. Kc7 Rh6 75. a8Q 1-0